Name that sport - Statistics

General Stats
  • This quiz has been taken 33 times
  • The average score is 19 of 30
Answer Stats
Clue Sport % Correct
2) Bat, white ball, and bases Baseball
97%
3) Net, green ball, rackets Tennis
97%
5) White and black ball, goals,grass field Football
94%
8) Ice, puck, sticks, goals Ice hockey
94%
17) Bows, arrows, targets Archery
88%
13) Flat bat, pitch, wickets Cricket
84%
7) Clubs, white ball, fairways Golf
84%
16) White oval ball, backwardspassing, tackling Rugby
84%
15) Waves, board, wetsuits Surfing
84%
6) Rackets, shuttlecock, net Badminton
81%
14) Pins, ball, lanes Bowling
81%
1) White net, orange ball, anda wooden court Basketball
78%
11) Aquatic racing Swimming
78%
29) Gloves, ring, hand to hand punching Boxing
75%
12) White ball, pads, nets, volleys Volleyball
72%
18) Foil, epee, sabre Fencing
63%
10) Sprinters, discus, javelin Track and Field
63%
30) Stones, ice path, sweeping Curling
59%
4) Brown ball, field goals, helmets American football
53%
26) Small plastic balls, paddles, table Ping Pong
53%
9) Net sticks, white/yellow ball,goals Lacrosse
50%
20) Cars, track, teams Racing
50%
22) Boards, halfpipes, rails Skateboarding
50%
24) Rubber ball, rackets, walls Squash
50%
19) Floor mats, pole vault, pommelhorse Gymnastics
38%
23) Ice skates, choreography, teams Figure Skating
34%
27) Ice track, sleighs, teams Bobsledding
19%
21) Grappling, throwing, grounding Judo
19%
28) Shotguns, clay targets Skeet Shooting
19%
25) Cesta, balls, wall rally Jai Alai
16%
No matching quizzes found
Score Distribution
Percent of People with Each Score
Percentile by Number Answered
Your Score History
You have not taken this quiz